000 00699nam a2200241 a 4500
999 _c4429
_d4429
001 4429
003 BD-JhCC
005 20171127164201.0
008 171127s1995 bg a|||| |||| 001 0 ben d
020 _a9840732471
035 _a(BD-JhCC) 4429
040 _aBD-JhCC
_dBD-JhCC
041 _aben
082 _a615.321
_bGHA 1995
100 _aগনি, আবদুল
245 _aভেষজবিজ্ঞান /
_cআবদুল গনি
260 _aঢাকা :
_bবাংলা একাডেমী,
_c১৯৯৫.
300 _a২৯৭ পৃ. :
_bill. ;
_c২২ সেমি.
650 _apharmacognosy
650 _aBotany,medical
942 _2ddc
_cBK